000 01214nam a2200313 i 4500
003 EG-GICUC
005 20260121101159.0
008 251109b1970 ua ||||f |||| 00| 0 ara d
040 _a EG-GICUC
_c EG-GICUC
_d EG-GICUC
_erda
_bara
041 _aara
082 0 4 _221
_a345.25
_bص ب . ن
092 0 4 _221
099 _aLaw1 07 345.25 1970 ص ب . ن
100 0 _aصبحي محرم
_eمؤلف.
245 _aنظم العاملين في الحكم المحلي /
_cإعداد صبحي محرم.
264 _aالقاهرة :
_bجامعة الدول العربية-المنظمة العربية للعلوم الإدارية، مركز البحوث الإدارية،
_c1970.
300 _a89 صفحة ؛
_c24 سم.
336 _2rda content
_atext
337 _2rda media
_aComputer
338 _2rda carrier
_aOnline Resource
490 _v62
504 _aيشتمل على إرجاعات ببليوجرافية
546 _aالنص باللغة العربية
650 1 _2qrmak
_aالإدارة المحلية
650 1 _2qrmak
_xموظفون
_aالحكم المحلي
856 4 0 _uhttps://fll.law.cu.edu.eg/fulltext/bks/B07-00244.pdf
905 _aWesam Mahmoud
942 _2ddc
_n0
_cBK
_e21
999 _c41885
_d41885